000 00644nam a22002297a 4500
005 20170124110057.0
010 _a763849
020 _c00.00
035 _a763849
037 _bCen Lib/Ret
040 _aDPL
_bEN
082 _a954.94
_bDAY
100 _aDayan, Yael
_979436
245 _aA soldier's diary sinai 1967 /
_cby Yael Dayan
260 _aLondon
_bWeidenfeld and Nicolson
_c1968
270 _a5 winsley street
_bLondon
300 _a127p.
_c21cm(Hb)
500 _aIncludes appendix
650 _aHistory
_yIsrail-Arab
_926767
650 _aWar - Israil-Arab
_979437
942 _2ddc
_cEN
_h954.94
_mDAY
999 _c129570
_d129570